00382nam a2200121Ia 4500008004100000041000800041082000800049100008200057245005800139260004900197300000800246440000600254221007s9999 xx 000 0 und d aeng bSHR aShraddha Jaju - 2k151024; Dr. Sonali Parchure - Guide & E-zest Solutions Ltd. 2aA Study Of Profitability Analysis Of Softwarw Project c2015bSavitribai Phule Pune UniversityaPune a52p v1